A history of architecture : settings and rituals /

Bibliographic Details
Main Author: Kostof, Spiro
Other Authors: Castillo, Greg
Format: Book
Language:English
Published: New York : Oxford University Press, 1995.
Edition:2nd ed. /
Subjects:

MARC

Tag First Indicator Second Indicator Subfields
LEADER 00000cam a2200000 a 4500
001 in00001237356
005 20151003062416.0
008 940923s1995 nyuab b 001 0 eng
010 |a  94038787  
015 |a GB95-82075 
019 |a 33406226 
020 |a 0195083784 
020 |a 0195083792 (pbk) 
035 |a (OCoLC)31291112 
035 |9 AGS7659AM 
040 |a DLC  |c DLC  |d IAY  |d C#P  |d UKM  |d UtOrBLW 
049 |a TXAM 
050 0 0 |a NA200  |b .K65 1995 
082 0 0 |a 720/.9  |2 20 
100 1 |a Kostof, Spiro. 
245 1 2 |a A history of architecture :  |b settings and rituals /  |c Spiro Kostof ; revisions by Greg Castillo, original drawings by Richard Tobias. 
250 |a 2nd ed. /  |b revisions by Greg Castillo. 
264 1 |a New York :  |b Oxford University Press,  |c 1995. 
300 |a 792 pages :  |b illustrations (some color), maps ;  |c 29 cm. 
336 |a text  |b txt  |2 rdacontent 
337 |a unmediated  |b n  |2 rdamedia 
338 |a volume  |b nc  |2 rdacarrier 
504 |a Includes bibliographical references and index. 
650 0 |a Architecture  |x History. 
653 0 |a Architecture  |a History 
700 1 |a Castillo, Greg. 
999 |a MARS 
999 f f |s cb864b3e-7517-3c4b-bd6f-3dcc59c30846  |i ca8db97d-c9e4-3b5b-80b3-409909eb35f5  |t 0 
952 f f |p normal  |a Texas A&M University  |b College Station  |c Sterling C. Evans Library  |s Evans stk  |d Evans: Library Stacks  |t 0  |e NA200 .K65 1995  |h Library of Congress classification  |i unmediated -- volume  |m A14822224334 
998 f f |a NA200 .K65 1995  |t 0  |l Evans: Library Stacks